• 首页
  • 本馆介绍
  • 公告通知
  • 最新文献
  • 馆藏检索
  • 电子资源
  • 读者导购
  • 参考咨询
  • 我的图书馆
  • 登录
  • 详细信息显示
  • 放入我的书架
  • 预约/预借图书
  • 作者相关作品
  • 分类相关作品
  • 丛书相关作品
  • 出版社相关作品

书目信息

  • 表格格式
  • 工作单格式
  • 卡片格式
题名:
基因和遗传
    
 
作者: 谈家桢 著
分册:  
出版信息: 北京   科学普及出版社  1980
页数: 133页
开本: 19cm
丛书名: 科普知识丛书
单 册:
中图分类: Q3-49
科图分类:
主题词: 遗传学--普及读物
电子资源:
ISBN:
000 00622nam2 2200241 45
001 0180004157
005 20060810173756.75
010    @dCNY0.40
091    @a13051.1002
100    @a19960215d1980 em y0chiy0121 ea
101 0  @achi
102    @aCN@b110000
105    @ay z 000yy
200 10 @a基因和遗传@Aji yin he yi chuan@f谈家桢等著
210    @a北京@c科学普及出版社@d1980
215    @a133页@d19cm
225 2  @a科普知识丛书
410  0 @120010@a科普知识丛书
606    @a遗传学@x普及读物
690    @aQ3-49@v3
701  0 @a谈家桢@Atan jia zhen@4著
801  0 @aCN@bTSSF@c20060810
905    @a10447@dQ3-49@e45
    
    基因和遗传/谈家桢等著.-北京:科学普及出版社,1980
    133页;19cm.-(科普知识丛书)
    
    
    ISBN :CNY0.40
    
●
相关链接 在E读中查询图书 在五车中查询图书 在当当中查询图书 在豆瓣中查询图书


正题名:基因和遗传     索取号:Q3-49/45         预约/预借

序号 登录号 条形码 馆藏地/架位号 状态 备注
1 0452204   204522043   密集书库/ [索取号:Q3-49/45] 在馆    
唐山师范学院图书馆 欢迎您!
大连网信软件有限公司© 版权所有